00294nam a2200133Ia 4500008004100000100001500041245002600056250001200082260002200094300000900116650001300125942000700138999001500145190216s9999||||xx |||||||||||||| ||und|| aR.K Sharma 0aManagement Accounting a2nd Ed. bKalyani Pubc2001 a608p aCommerce cBK c6034d6034